Comprehensive Inorganic Chemistry (Record no. 5817)
[ view plain ]
| 000 -LEADER | |
|---|---|
| fixed length control field | 00491nam a22001937a 4500 |
| 003 - CONTROL NUMBER IDENTIFIER | |
| control field | OSt |
| 005 - DATE AND TIME OF LATEST TRANSACTION | |
| control field | 20170407132245.0 |
| 008 - FIXED-LENGTH DATA ELEMENTS--GENERAL INFORMATION | |
| fixed length control field | 170407b xxu||||| |||| 00| 0 eng d |
| 020 ## - INTERNATIONAL STANDARD BOOK NUMBER | |
| International Standard Book Number | 9788122418088 |
| 040 ## - CATALOGING SOURCE | |
| Transcribing agency | DDC |
| 082 ## - DEWEY DECIMAL CLASSIFICATION NUMBER | |
| Classification number | 541 CHA 2006 |
| 100 ## - MAIN ENTRY--PERSONAL NAME | |
| Personal name | Chandra, Sulekh |
| 9 (RLIN) | 1413 |
| 245 ## - TITLE STATEMENT | |
| Title | Comprehensive Inorganic Chemistry |
| 250 ## - EDITION STATEMENT | |
| Edition statement | Vol.ii |
| 260 ## - PUBLICATION, DISTRIBUTION, ETC. (IMPRINT) | |
| Place of publication, distribution, etc. | New Delhi; New Age Publishers, 2006 |
| 300 ## - PHYSICAL DESCRIPTION | |
| Extent | 281p; ill: 24cm |
| 650 ## - SUBJECT ADDED ENTRY--TOPICAL TERM | |
| Topical term or geographic name as entry element | Inorganic Chemistry |
| 9 (RLIN) | 799 |
| 942 ## - ADDED ENTRY ELEMENTS (KOHA) | |
| Source of classification or shelving scheme | Other/Generic Classification Scheme |
| Koha item type | Short Loan |
| Withdrawn status | Lost status | Source of classification or shelving scheme | Damaged status | Not for loan | Home library | Current library | Date acquired | Source of acquisition | Inventory number | Total Checkouts | Full call number | Barcode | Date last seen | Koha item type |
|---|---|---|---|---|---|---|---|---|---|---|---|---|---|---|
| Dewey Decimal Classification | Pharmacy Department Library | Pharmacy Department Library | 07/04/2017 | 14/37422 | 541 CHA 2006 | 2017-0761 | 07/04/2017 | Short Loan | ||||||
| Dewey Decimal Classification | Pharmacy Department Library | Pharmacy Department Library | 07/04/2017 | 14/37423 | 541 CHA 2006 | 2017-0762 | 07/04/2017 | Short Loan |
